INTRODUCTORY SOIL SCIENCE (Record no. 22792)
[ view plain ]
| 000 -LEADER | |
|---|---|
| fixed length control field | 00321nam a22001457a 4500 |
| 003 - CONTROL NUMBER IDENTIFIER | |
| control field | SGT |
| 020 ## - INTERNATIONAL STANDARD BOOK NUMBER | |
| International Standard Book Number | 978-93-272-5754-0 |
| 082 ## - DEWEY DECIMAL CLASSIFICATION NUMBER | |
| Classification number | 631.4 |
| Item number | DAS |
| 100 ## - MAIN ENTRY--PERSONAL NAME | |
| Personal name | DAS, DILIP KUMAR |
| 245 ## - TITLE STATEMENT | |
| Title | INTRODUCTORY SOIL SCIENCE |
| 250 ## - EDITION STATEMENT | |
| Edition statement | 4TH |
| 260 ## - PUBLICATION, DISTRIBUTION, ETC. (IMPRINT) | |
| Place of publication, distribution, etc | INDIA |
| Name of publisher, distributor, etc | KALYANI PUB. |
| Year of Publication | 2020 |
| 300 ## - PAGE DESCRIPTION | |
| No. of Pages | 879 |
| 942 ## - ADDED ENTRY ELEMENTS (KOHA) | |
| Source of classification or shelving scheme | Dewey Decimal Classification |
| Koha item type | Books |
| 942 ## - ADDED ENTRY ELEMENTS (KOHA) | |
| -- | 10 |
| Withdrawn status | Lost status | Source of classification or shelving scheme | Damaged status | Not for loan | Collection code | Home library | Current library | Shelving location | Date acquired | Vendor Name | Cost, normal purchase price | SGTU | Bill Number | Total Checkouts | Full call number | Accession No. (Barcode) | Date last seen | Date last borrowed | Bill Date | Koha item type |
|---|---|---|---|---|---|---|---|---|---|---|---|---|---|---|---|---|---|---|---|---|
| Dewey Decimal Classification | SCIENCE | SGT Science & Social Sciences Library | SGT Science & Social Sciences Library | Text Book | 02/06/2022 | ABC | 425.00 | SGTU | 14476 | 4 | 631.4 DAS | AG1820 | 20/01/2026 | 06/01/2026 | Books | |||||
| Dewey Decimal Classification | SCIENCE | SGT Science & Social Sciences Library | SGT Science & Social Sciences Library | Text Book | 02/06/2022 | ABC | 425.00 | SGTU | 14476 | 5 | 631.4 DAS | AG1821 | 15/12/2025 | 01/12/2025 | Books | |||||
| Dewey Decimal Classification | SCIENCE | SGT Science & Social Sciences Library | SGT Science & Social Sciences Library | Text Book | 02/06/2022 | ABC | 425.00 | SGTU | 14476 | 631.4 DAS | AG1822 | 02/06/2022 | Books | |||||||
| Dewey Decimal Classification | SCIENCE | SGT Science & Social Sciences Library | SGT Science & Social Sciences Library | Text Book | 02/06/2022 | ABC | 425.00 | SGTU | 14476 | 6 | 631.4 DAS | AG1823 | 23/04/2024 | 09/04/2024 | Books | |||||
| Dewey Decimal Classification | SCIENCE | SGT Science & Social Sciences Library | SGT Science & Social Sciences Library | Text Book | 02/06/2022 | ABC | 425.00 | SGTU | 14476 | 631.4 DAS | AG1824 | 02/06/2022 | Books |